International history of the twentieth century and beyond / (Record no. 15450)

000 -LEADER
fixed length control field 01623cam a2200433 a 4500
001 - CONTROL NUMBER
control field 15116953
005 - DATE AND TIME OF LATEST TRANSACTION
control field 20170105102918.0
008 - FIXED-LENGTH DATA ELEMENTS--GENERAL INFORMATION
fixed length control field 071218s2008 enkab b 001 0 eng
010 ## - LIBRARY OF CONGRESS CONTROL NUMBER
LC control number 2007051679
015 ## - NATIONAL BIBLIOGRAPHY NUMBER
National bibliography number GBA822333
Source bnb
016 7# - NATIONAL BIBLIOGRAPHIC AGENCY CONTROL NUMBER
Record control number 014530558
Source Uk
020 ## - INTERNATIONAL STANDARD BOOK NUMBER
International Standard Book Number 9780415438957 (hbk.)
020 ## - INTERNATIONAL STANDARD BOOK NUMBER
International Standard Book Number 0415438950 (hbk.)
020 ## - INTERNATIONAL STANDARD BOOK NUMBER
International Standard Book Number 0415207398 (hbk.)
020 ## - INTERNATIONAL STANDARD BOOK NUMBER
International Standard Book Number 9780415207393 (hbk.)
020 ## - INTERNATIONAL STANDARD BOOK NUMBER
International Standard Book Number 9780415438964 (pbk.)
020 ## - INTERNATIONAL STANDARD BOOK NUMBER
International Standard Book Number 0415438969 (pbk.)
020 ## - INTERNATIONAL STANDARD BOOK NUMBER
International Standard Book Number 0415207401 (pbk.)
020 ## - INTERNATIONAL STANDARD BOOK NUMBER
International Standard Book Number 9780415207409 (pbk.)
035 ## - SYSTEM CONTROL NUMBER
System control number (OCoLC)ocn185021564
040 ## - CATALOGING SOURCE
Original cataloging agency DLC
Transcribing agency DLC
Modifying agency BAKER
-- YDXCP
-- UKM
-- OCLCG
-- BWK
-- NLGGC
-- C#P
-- BWX
-- CDX
-- OCLNG
-- HEBIS
-- DLC
050 00 - LIBRARY OF CONGRESS CALL NUMBER
Classification number D443
Item number .I57 2008
082 00 - DEWEY DECIMAL CLASSIFICATION NUMBER
Classification number 909.82
Edition number 22
084 ## - OTHER CLASSIFICATION NUMBER
Classification number 15.50
Number source bcl
245 00 - TITLE STATEMENT
Title International history of the twentieth century and beyond /
Statement of responsibility, etc. Antony Best ... [et al.].
250 ## - EDITION STATEMENT
Edition statement 2nd ed.
260 ## - PUBLICATION, DISTRIBUTION, ETC.
Place of publication, distribution, etc. London ;
-- New York :
Name of publisher, distributor, etc. Routledge,
Date of publication, distribution, etc. 2008.
300 ## - PHYSICAL DESCRIPTION
Extent xxiii, 613 p. :
Other physical details ill., maps ;
Dimensions 25 cm.
500 ## - GENERAL NOTE
General note Revision of: International history of the twentieth century. 2004.
504 ## - BIBLIOGRAPHY, ETC. NOTE
Bibliography, etc. note Includes bibliographical references (p. 561-600) and index.
650 #0 - SUBJECT ADDED ENTRY--TOPICAL TERM
Topical term or geographic name entry element World politics
Chronological subdivision 20th century.
650 #0 - SUBJECT ADDED ENTRY--TOPICAL TERM
Topical term or geographic name entry element World politics
Chronological subdivision 21st century.
700 1# - ADDED ENTRY--PERSONAL NAME
Personal name Best, Antony,
Dates associated with a name 1964-
730 0# - ADDED ENTRY--UNIFORM TITLE
Uniform title International history of the twentieth century.
856 41 - ELECTRONIC LOCATION AND ACCESS
Materials specified Table of contents only
Uniform Resource Identifier <a href="http://www.loc.gov/catdir/toc/ecip087/2007051679.html">http://www.loc.gov/catdir/toc/ecip087/2007051679.html</a>
906 ## - LOCAL DATA ELEMENT F, LDF (RLIN)
a 7
b cbc
c orignew
d 1
e ecip
f 20
g y-gencatlg
942 ## - ADDED ENTRY ELEMENTS (KOHA)
Source of classification or shelving scheme
Koha item type Book
Holdings
Withdrawn status Lost status Damaged status Not for loan Collection code Permanent Location Current Location Shelving location Date acquired Total Checkouts Full call number Barcode Date last seen Price effective from Koha item type
          Centre for International Peace & Stability (CIPS) Centre for International Peace & Stability (CIPS) General Stacks 10/02/2013   909.82 INT 2008 CIPS0001904 12/02/2013 12/02/2013 Book
© 2023 Central Library, National University of Sciences and Technology. All Rights Reserved.